| 000 | 00871cam a2200301Mi 4500 | ||
|---|---|---|---|
| 001 | 92528 | ||
| 005 | 20230410123609.0 | ||
| 008 | 060505s2006 fr f 000 0 fre d | ||
| 029 | 1 |
_aZWZ _b108103439 |
|
| 035 | _a(OCoLC)421497054 | ||
| 050 | 1 | 4 |
_aKJV 5622 _bC141d 2006 |
| 082 | 1 |
_a343.41 _221 |
|
| 082 | 1 |
_a378.34 _221 |
|
| 082 | 1 |
_a340 _221 |
|
| 100 | 1 | _aCalais-Auloy, Jean. | |
| 245 | 1 | 0 |
_aDroit de la consommation / _cJean Calais-Auloy, Frank Steinmetz. |
| 250 | _a7e éd. | ||
| 260 |
_aParis : _bDalloz, _c2006. |
||
| 300 |
_aVIII-681 p. ; _c21 x 15 cm. |
||
| 490 | 0 |
_aPrécis Dalloz, _x0768-0813.Droit privé |
|
| 504 | _aBibliogr. Index. | ||
| 700 | 1 | _aSteinmetz, Frank. | |
| 760 | 1 |
_tPrécis Dalloz. Droit privé _x0768-0813 |
|
| 886 | 2 |
_2unimarc _a801 _b3 _aFR _bElectre _c20060825 _gAFNOR |
|
| 942 |
_2lcc _cbk |
||
| 946 | _amfcruz | ||
| 994 |
_aC0 _bDRFGD |
||
| 999 |
_c64613 _d64613 |
||